Individualism and economic order / (Record no. 58260)
[ view plain ]
| 000 -LEADER | |
|---|---|
| fixed length control field | 00671nam a2200217 a 4500 |
| 001 - CONTROL NUMBER | |
| control field | 58260 |
| 003 - CONTROL NUMBER IDENTIFIER | |
| rucl marc code | BD-RjUL |
| 005 - DATE AND TIME OF LATEST TRANSACTION | |
| control field | 20211209080613.0 |
| 008 - FIXED-LENGTH DATA ELEMENTS--GENERAL INFORMATION | |
| fixed length control field | 161217r19521949enk 000 0 eng |
| 035 ## - SYSTEM CONTROL NUMBER | |
| System control number | (BD-RjUL)58384 |
| 040 ## - CATALOGING SOURCE | |
| Original cataloging agency | DLC |
| Transcribing agency | TXO |
| Modifying agency | OCL |
| -- | BD-RjUL |
| Language of cataloging | eng |
| 041 ## - LANGUAGE CODE | |
| Language code of text/sound track or separate title | eng |
| 082 ## - DEWEY DECIMAL CLASSIFICATION NUMBER | |
| Classification number | 330.153 |
| Edition number | 23 |
| Author mark and year | HAI 1952 |
| 100 1# - MAIN ENTRY--PERSONAL NAME | |
| Personal name | Hayek, Friedrich A. |
| Fuller form of name | (Friedrich August), |
| Dates associated with a name | 1899-1992. |
| 9 (RLIN) | 173056 |
| 245 10 - TITLE STATEMENT | |
| Title | Individualism and economic order / |
| Statement of responsibility, etc. | by Friedrich A. Hayek |
| 260 ## - PUBLICATION, DISTRIBUTION, ETC. (IMPRINT) | |
| Place of publication, distribution, etc. | London : |
| Name of publisher, distributor, etc. | Routledge & K. Paul, |
| Date of publication, distribution, etc. | 1949 [2nd impression 1952]. |
| 300 ## - PHYSICAL DESCRIPTION | |
| Pagination | vii, 271 p. ; |
| Size | 22 cm. |
| 650 #0 - SUBJECT ADDED ENTRY--TOPICAL TERM | |
| Topical term or geographic name as entry element | Individualism |
| 9 (RLIN) | 173057 |
| Topical term or geographic name as entry element | Economics |
| 9 (RLIN) | 170576 |
| 942 ## - ADDED ENTRY ELEMENTS (KOHA) | |
| Source of classification or shelving scheme | Dewey Decimal Classification |
| Koha item type | Books |
| Lost status | Source of classification or shelving scheme | Damaged status | Not for loan | Collection code | Permanent Location | Current Location | Shelving location | Date acquired | Source of acquisition | Cost, normal purchase price | Total Checkouts | Full call number | Date last seen | Copy number | Koha item type |
|---|---|---|---|---|---|---|---|---|---|---|---|---|---|---|---|
| Dewey Decimal Classification | Not For Loan | Non-fiction | Central Library, University of Rajshahi | Central Library, University of Rajshahi | Reading Room | 02/02/1956 | ABC | 12.00 | 330.153 HAI 1952 | 17/12/2016 | C-1 | Books |